Základy teorie chyb měření
| Hlavní autor: | Matyáš, Vladislav, 1929- |
|---|---|
| Jazyk: | Čeština |
| Vydáno: |
Praha, 1974 |
|
| LEADER | 00492nam a22001692a 4500 | ||
|---|---|---|---|
| 001 | 000105290 | ||
| 003 | CZ BrMZK | ||
| 005 | 19961101143423.0 | ||
| 007 | ta | ||
| 008 | 950101s1974 xr f cze d | ||
| 040 | |a BOA001 |b cze | ||
| 100 | 1 | |a Matyáš, Vladislav, |d 1929- |7 jn20000710444 | |
| 245 | 1 | 0 | |a Základy teorie chyb měření |
| 260 | |a Praha, |c 1974 | ||
| 910 | |a BOA001 |b 4-0719.273 | ||
| 990 | |a BK | ||
| 996 | 7 | |b 2619998328 |c 4-0719.273 |l MZK |r Sklad / do 1 hodiny |n 16 |w 000105290 |u 000010 |a 1 |e BOA001 |j MZK50 |s A | |
English
Čeština 